000 00567 a2200229 4500
001 001524
003 OSt
005 20211102111942.0
008
020 _a0071762531
040 _cCURAJ
082 _a330
_bS38P
100 1 _aSalvatore, Dominick
245 1 _aPrinciples of economics
_cby Dominick Salvatore and Eugene A. Diulio
250 _a2nd ed.
260 _aNew Delhi
_bTata McGraw Hill
_c2010
300 _a400p.
630 _aEconomics
690 _aEconomics
700 _aDiulio, Eugene A.
942 _2ddc
_cBK
999 _c36
_d36